000 00630nam a2200205 a 4500
001 000024547
005 20200930023230.0
008 110131s1997 xxua r 000 0 eng d
020 _a0070382298
040 _aDO-SdBNP
_bspa
_cBNPHU
041 1 7 _aeng-
_2spa
082 _axxxxx
_bS117l
100 1 _aSabló-Yates, María
_950311
245 1 0 _aLaboratory manual to company :
_bpuntos de partida, an invitation to spanish/María Sabló-Yates.
250 _a5a ed.
260 _aNew York :
_bMcGraw-HIll,
_c1997.
300 _avii, 215 p. :
_bil. ;
_c28 cm.
500 _aIncluye referencia biográfica del autor.
049 _aBNGR
999 _c24040
_d24040